000 00871nam a2200253 a 4500
001 BRL_1105
005 20190320211033.0
008 121113s1973----mx-o######---#000-0#spa-#
041 _aspa
044 _amx
050 4 _aF1220
_b.L66 1973
100 1 _aLombardo Toledano, Vicente
_d1894-1968
_925803
245 1 0 _aEl problema del indio
_cVicente Lombardo Toledano ; selección de textos de Marcela Lombardo ; con una introducción de Gonzalo Aguirre Beltrán.
260 _aMexico
_bSecretaría de Educación Pública
_c1973
300 _a207 p.
_bil.
_c18 cm.
440 0 _aSepsetentas
_v114
_922717
500 _aAu1289
650 1 4 _aIndígenas de México
_xRelaciones gubernamentales
_925804
651 4 _aMéxico
_xCondiciones sociales
_9810
700 1 _aLombardo, Marcela
_925805
700 1 _aAguirre Beltrán, Gonzalo
_925806
902 _aGRL
942 _2lcc
_cB
999 _c9917
_d9917